|
|
|
|
| LEADER |
00000cam a2200000 c 4500 |
| 001 |
274641852 |
| 003 |
DE-627 |
| 005 |
20260206192510.0 |
| 007 |
tu |
| 008 |
880816s1988 xx ||||| 00| ||eng c |
| 020 |
|
|
|a 1555420761
|9 1-55542-076-1
|
| 035 |
|
|
|a (DE-627)274641852
|
| 035 |
|
|
|a (DE-603)01011260X
|
| 035 |
|
|
|a (DE-576)01544127X
|
| 035 |
|
|
|a (DE-599)GBV274641852
|
| 035 |
|
|
|a (OCoLC)246816889
|
| 035 |
|
|
|a (OCoLC)17442400
|
| 035 |
|
|
|a (OCoLC)17442400
|
| 040 |
|
|
|a DE-627
|b ger
|c DE-627
|e rakwb
|
| 041 |
|
|
|a eng
|h heb
|
| 082 |
0 |
|
|a 618.92/858445
|
| 082 |
0 |
|
|a 362.2
|
| 082 |
0 |
|
|a 618.92858445
|q LoC
|2 DDC19oclc
|
| 084 |
|
|
|a CW 6920
|2 rvk
|0 (DE-625)rvk/19199:
|
| 100 |
1 |
|
|a Orbach, Israel
|0 (DE-627)1234950669
|0 (DE-576)164950664
|4 aut
|
| 109 |
|
|
|a Orbach, Israel
|a Or-Bach, Israel
|a Bach, Israel O.-
|a ʾWR-BK, Israel
|
| 240 |
1 |
0 |
|a Yelādîm še-ênām rôṣîm liḥyôt <engl.>
|
| 245 |
1 |
0 |
|a Children who don't want to live
|b understanding and treating the suicidal child
|c [Israel Orbach]
|
| 250 |
|
|
|a 1. ed.
|
| 264 |
|
1 |
|a San Francisco [u.a.]
|b Jossey-Bass
|c 1988
|
| 300 |
|
|
|a XV, 267 S.
|
| 336 |
|
|
|a Text
|b txt
|2 rdacontent
|
| 337 |
|
|
|a ohne Hilfsmittel zu benutzen
|b n
|2 rdamedia
|
| 338 |
|
|
|a Band
|b nc
|2 rdacarrier
|
| 490 |
0 |
|
|a The Jossey-Bass social and behavioral science series
|
| 500 |
|
|
|a Aus d. Hebr. übers
|
| 505 |
8 |
|
|a Literaturverz. S. 247 - 258
|
| 505 |
8 |
|
|a Literaturverz. S. 247 - 258
|
| 583 |
1 |
|
|a Archivierung prüfen
|c 20200919
|f DE-640
|z 3
|2 pdager
|
| 583 |
1 |
|
|a Archivierung prüfen
|c 20240324
|f DE-4165
|z 1
|2 pdager
|
| 700 |
1 |
2 |
|a Orbach, Israel
|t Yelādîm še-ênām rôṣîm liḥyôt <engl.>
|
| 889 |
|
|
|w (DE-627)02247692X
|
| 935 |
|
|
|a MZUSA
|
| 935 |
|
|
|i mdedup
|
| 935 |
|
|
|i Blocktest
|
| 935 |
|
|
|h HEB
|i 0501
|
| 935 |
|
|
|h HEB
|i 0503
|
| 936 |
r |
v |
|a CW 6920
|b Suizid (Ursachen, Gefährdete, Verhütung ...)
|k Psychologie
|k Angewandte Psychologie
|k Suizid (Ursachen, Gefährdete, Verhütung ...)
|0 (DE-627)127155660X
|0 (DE-625)rvk/19199:
|0 (DE-576)20155660X
|
| 936 |
s |
n |
|a c200
|2 mzub
|
| 951 |
|
|
|a BO
|
| ELC |
|
|
|b 1
|
| LOK |
|
|
|0 000 xxxxxcx a22 zn 4500
|
| LOK |
|
|
|0 001 3298387762
|
| LOK |
|
|
|0 003 DE-627
|
| LOK |
|
|
|0 004 274641852
|
| LOK |
|
|
|0 005 20151023133103
|
| LOK |
|
|
|0 008 880816||||||||||||||||ger|||||||
|
| LOK |
|
|
|0 040
|a DE-21
|c DE-627
|d DE-21
|
| LOK |
|
|
|0 852
|a DE-21
|
| LOK |
|
|
|0 852 1
|c KB 18 A 3842
|9 00
|
| LOK |
|
|
|0 935
|a krim
|
| LOK |
|
|
|0 939
|a 16-08-88
|b l01
|
| ORI |
|
|
|a SA-MARC-krimdoka001.raw
|
| SIG |
|
|
|a UB: KB 18 A 3842
|